000 00457nam a2200193 a 4500
001 1758696065935
003 YourLibrary
005 20250924121300.0
008 250924s2002##################000#0#eng##
020 _a9780521818964
082 0 4 _a576.855
_bHAR
100 1 _aHardy, Ian,
_eauthor.
245 1 0 _aSex Ratios :
260 _c2002.
300 _a424 pages
650 0 _aScience.
942 _cENGLISH
040 _aYourLibrary
_beng
_cYourLibrary
999 _c589279
_d589279